| 000 | 00774nam a2200193 4500 | ||
|---|---|---|---|
| 001 | 111434 | ||
| 003 | ES-MaACL | ||
| 005 | 20230906185311.0 | ||
| 007 | t| | ||
| 008 | 061121s1937 po r ||||1| fre d | ||
| 100 | 1 |
_aNájera Angulo, Luis. _984870 |
|
| 245 | 1 | 0 |
_aSur le parasitisme de ` Trypanosoma Blanchardi ` et Hepatozoon Lusitanicus _b: dans ` Eliomys lusitanicus` en Espagne / _cpar Luis Nájera Angulo. |
| 260 |
_aLisboa : _bCasa Portuguesa, _c1937. |
||
| 300 |
_a14 h. 2 lám. ; _c24 cm. |
||
| 500 | _aEs tirada aparte de Comptes rendus su XIIe Congrès International de 200 logie. Lisbonne 1935. Pág. 1921-1946. | ||
| 711 | 1 |
_aCongrés International de 200 logie ( _cLisbonne ( _d1935) ( _n. 12e) _9216861 |
|
| 852 |
_aES-MaACL _j1825-F-4 |
||
| 999 |
_c111434 _d111434 |
||